[Event "World Rapid 2018"]
[Site "St Petersburg RUS"]
[Date "2018.12.27"]
[Round "6.98"]
[White "Tsoi, Dmitry"]
[Black "Alsulaymi, Abdullah M"]
[Result "1-0"]
[WhiteTitle "FM"]
[WhiteElo "2424"]
[BlackElo "1833"]
[WhiteFideId "24194697"]
[BlackFideId "21511390"]
[EventDate "2018.12.26"]

1. Nf3 Nf6 2. g3 g6 3. Bg2 Bg7 4. O-O O-O 5. c4 d6 6. Nc3 c5 7. d3 Nc6 8. a3 a6
9. Rb1 Bd7 10. Bg5 h6 11. Bd2 Kh8 12. b4 cxb4 13. axb4 Rb8 14. b5 axb5 15. Nxb5
Ng4 16. Bc3 Nce5 17. Qd2 Bxb5 18. Rxb5 g5 19. Nxe5 Nxe5 20. f4 gxf4 21. gxf4 Ng4
22. Bxg7+ Kxg7 23. Rf3 Rg8 24. Rg3 Kf8 25. f5 Ra8 26. h3 Ra1+ 27. Bf1 Rxf1+ 28.
Kxf1 Nh2+ 29. Kg2 Rxg3+ 30. Kxh2 Rg5 31. Qf4 Qa8 32. h4 Rg8 33. Qxh6+ Ke8 34.
Qh7 Kd7 35. Qxf7 b6 36. Qe6+ Kc7 37. Qxe7+ Kc8 38. Qe6+ Kc7 39. Qf7+ 1-0

[Event "World Rapid 2018"]
[Site "St Petersburg RUS"]
[Date "2018.12.27"]
[Round "6.99"]
[White "Borisenko, Viacheslav"]
[Black "Ahmed, Hassan Abdillahi"]
[Result "1-0"]
[WhiteTitle "IM"]
[WhiteElo "2289"]
[BlackElo "1570"]
[WhiteFideId "14115824"]
[BlackFideId "32500033"]
[EventDate "2018.12.26"]

1. e4 c5 2. Nf3 g6 3. c3 Bg7 4. d4 cxd4 5. cxd4 Nf6 6. Nc3 Qa5 7. Bd2 Qd8 8. e5
Ng8 9. Bc4 e6 10. Ne4 d5 11. Nd6+ Qxd6 12. exd6 dxc4 13. O-O Nf6 14. Rc1 b5 15.
b3 Bd7 16. bxc4 bxc4 17. Rxc4 O-O 18. Rc7 Bb5 19. Re1 Nd5 20. Qb3 a6 21. a4 Bd7
22. Ne5 Bxe5 23. dxe5 Nxc7 24. dxc7 Nc6 25. Bg5 Rfc8 26. Bf6 Rxc7 27. Qe3 Ne7
28. Bxe7 f5 29. exf6 Bc8 30. Qh6 Rxe7 31. fxe7 Bd7 32. Rd1 Rc8 33. Rxd7 1-0

[Event "World Rapid 2018"]
[Site "St Petersburg RUS"]
[Date "2018.12.27"]
[Round "6.100"]
[White "Al Thebaiti, Ahmed M"]
[Black "Vishnu Prasanna, V"]
[Result "0-1"]
[WhiteTitle "CM"]
[BlackTitle "GM"]
[WhiteElo "1976"]
[BlackElo "2518"]
[WhiteFideId "21502390"]
[BlackFideId "5030692"]
[EventDate "2018.12.26"]

1. d4 Nf6 2. Bf4 e6 3. e3 c5 4. c3 Nc6 5. Nd2 d5 6. Bd3 Be7 7. h3 Bd6 8. Ne2 e5
9. dxe5 Nxe5 10. Bc2 O-O 11. O-O Re8 12. Re1 b6 13. Ng3 Ng6 14. Bxd6 Qxd6 15.
Nf3 Bb7 16. Nf5 Qc7 17. Rc1 Rad8 18. Qe2 Ne4 19. Nd2 Nf6 20. Bb1 Qd7 21. Ng3 d4
22. cxd4 cxd4 23. Bf5 Qd6 24. Bxg6 hxg6 25. e4 Qf4 26. Qd3 Nd7 27. Ne2 Qf6 28.
f4 Nc5 29. Rxc5 bxc5 30. b3 Ba6 31. Nc4 Bxc4 32. bxc4 Rb8 33. Nc1 Qxf4 34. Nb3
Qe5 35. Na5 Rb2 36. Qa3 d3 37. Qxd3 Qd4+ 38. Qxd4 cxd4 39. Nc6 d3 40. Rd1 d2 41.
Nd4 Rxe4 42. Nf3 Rxc4 43. Nxd2 Rd4 0-1

[Event "World Rapid 2018"]
[Site "St Petersburg RUS"]
[Date "2018.12.27"]
[Round "6.101"]
[White "khayat, Abdullah F"]
[Black "Al Turky, Fahad A"]
[Result "0-1"]
[WhiteElo "1723"]
[BlackElo "1836"]
[WhiteFideId "21500460"]
[BlackFideId "21500401"]
[EventDate "2018.12.26"]

1. Nf3 d5 2. d4 Nf6 3. g3 c5 4. c3 Nc6 5. Bg2 e6 6. O-O Bd6 7. Nbd2 O-O 8. Re1
h6 9. e4 dxe4 10. Nxe4 Nxe4 11. Rxe4 b6 12. Re2 Ba6 13. Re1 Rc8 14. Qa4 Bb7 15.
Ne5 Bxe5 16. dxe5 Qc7 17. Bf4 Rfd8 18. Rad1 Na5 19. b4 Bxg2 20. Kxg2 cxb4 21.
cxb4 Nc4 22. Rc1 Qb7+ 23. Kg1 Nb2 24. Qa3 Rxc1 25. Rxc1 Nd3 26. Rd1 Qf3 27. Rf1
Qg4 28. f3 Qf5 29. Rd1 g5 30. g4 Qxf4 31. Rxd3 Rxd3 32. Qxd3 Qxe5 33. a3 Kg7 34.
h3 Qg3+ 35. Kf1 Qxh3+ 36. Ke2 Qh2+ 37. Kd1 Qe5 38. Kc1 Qa1+ 39. Kd2 Qa2+ 40. Kc1
Qa1+ 41. Kd2 Qe5 42. Kc1 Kf6 43. Kd2 Qd5 44. Qxd5 exd5 45. Kd3 Ke5 46. a4 a6 47.
Ke3 a5 48. b5 f5 49. gxf5 h5 0-1

[Event "World Rapid 2018"]
[Site "St Petersburg RUS"]
[Date "2018.12.27"]
[Round "7.3"]
[White "Nepomniachtchi, Ian"]
[Black "Sjugirov, Sanan"]
[Result "1/2-1/2"]
[WhiteTitle "GM"]
[BlackTitle "GM"]
[WhiteElo "2763"]
[BlackElo "2663"]
[WhiteFideId "4168119"]
[BlackFideId "4189302"]
[EventDate "2018.12.26"]

1. c4 c5 2. Nf3 Nc6 3. Nc3 e5 4. e3 Nf6 5. a3 Be7 6. d4 exd4 7. exd4 d5 8. dxc5
d4 9. Nb5 O-O 10. Be2 Bxc5 11. b4 Bf5 12. Nh4 d3 13. Nxf5 Re8 14. Be3 Bxe3 15.
Nxe3 dxe2 16. Qxd8 Raxd8 17. Kxe2 a6 18. Nc3 Nd4+ 19. Kf1 Nb3 20. Rd1 Rxd1+ 21.
Ncxd1 Nd2+ 22. Ke2 Nxc4 23. a4 Nd5 24. b5 axb5 25. axb5 Nd6 26. Kf3 Nxe3 27.
Nxe3 Nxb5 28. Rd1 g6 29. Rd7 b6 30. g4 Kg7 31. g5 Nc3 32. Rb7 b5 1/2-1/2

[Event "World Rapid 2018"]
[Site "St Petersburg RUS"]
[Date "2018.12.27"]
[Round "7.4"]
[White "Anton Guijarro, David"]
[Black "Korobov, Anton"]
[Result "0-1"]
[WhiteTitle "GM"]
[BlackTitle "GM"]
[WhiteElo "2642"]
[BlackElo "2698"]
[WhiteFideId "2285525"]
[BlackFideId "14105730"]
[EventDate "2018.12.26"]

1. e4 c5 2. Nf3 d6 3. Bb5+ Bd7 4. Bxd7+ Nxd7 5. O-O Ngf6 6. Re1 Qc7 7. c3 Rc8 8.
d3 e6 9. Bf4 Be7 10. Nbd2 O-O 11. h3 Rfd8 12. a4 Qc6 13. Qe2 Qa6 14. Nc4 d5 15.
exd5 Nxd5 16. Bg5 f6 17. Bd2 Nf8 18. Nh4 Rd7 19. Nf3 Rcd8 20. Red1 Ng6 21. g3
Nf8 22. h4 Nb6 23. Nxb6 Qxb6 24. Be3 Qa6 25. c4 e5 26. a5 Qe6 27. Ne1 h6 28. b4
cxb4 29. Bxa7 f5 30. Bb6 Re8 31. Ng2 Qg6 32. h5 Qf7 33. Rab1 Nh7 34. c5 f4 35.
gxf4 exf4 36. Qg4 Nf6 37. Qg6 Nd5 38. Re1 Rc8 39. Qg4 Bg5 40. Re5 Rf8 41. Ne1 f3
42. Qe6 Qxe6 43. Rxe6 Rf5 44. a6 bxa6 45. c6 Rdf7 46. Ba5 Bd2 47. Nc2 Rg5+ 48.
Kf1 Rxh5 49. Rg6 Rf6 50. Rg3 Rxc6 51. Nd4 Rf6 52. Nxf3 Rxf3 53. Rxf3 Rh1+ 54.
Ke2 Rxb1 55. Kxd2 Ra1 0-1

[Event "World Rapid 2018"]
[Site "St Petersburg RUS"]
[Date "2018.12.27"]
[Round "7.11"]
[White "Artemiev, Vladislav"]
[Black "Fridman, Daniel"]
[Result "1-0"]
[WhiteTitle "GM"]
[BlackTitle "GM"]
[WhiteElo "2709"]
[BlackElo "2633"]
[WhiteFideId "24101605"]
[BlackFideId "11600454"]
[EventDate "2018.12.26"]

1. Nf3 Nf6 2. g3 d5 3. Bg2 c5 4. O-O Nc6 5. d4 e6 6. b3 cxd4 7. Nxd4 Bc5 8. Nxc6
bxc6 9. c4 O-O 10. Qc2 Qe7 11. Nc3 Ba6 12. Bb2 Rfd8 13. Na4 Ba3 14. Rfd1 Rac8
15. Rac1 e5 16. Bh3 Bxb2 17. Nxb2 Rb8 18. e3 d4 19. exd4 Rxd4 20. Rxd4 exd4 21.
Nd3 Bc8 22. Re1 Qc7 23. Bxc8 Rxc8 24. Re5 Qd7 25. Qe2 Kf8 26. Qe1 g6 27. Kg2 Rc7
28. Qa5 Kg7 29. Qc5 Qd8 30. Re2 h5 31. h3 Qd7 32. Qe5 Qd8 33. g4 hxg4 34. hxg4
Kg8 35. g5 Nh5 36. Qe8+ Qxe8 37. Rxe8+ Kh7 38. Rd8 Ng7 39. Rxd4 Ne6 40. Rd6 Nxg5
41. Ne5 c5 42. Rc6 Re7 43. Rxc5 Kg7 44. Nc6 Rc7 45. Rxg5 Rxc6 46. Ra5 a6 47. Rd5
Kf8 48. Kf3 Ke7 49. Ke4 f6 50. c5 Re6+ 51. Kd4 Re2 52. c6 Rxa2 53. c7 Rc2 54.
Rc5 Rxc5 55. Kxc5 Kd7 56. Kb6 Kc8 57. Kc6 g5 58. Kd6 a5 59. Ke6 Kxc7 60. Kxf6 g4
61. Kf5 Kd6 62. Kxg4 Kc5 63. f4 Kb4 64. f5 Kxb3 65. f6 a4 66. f7 a3 67. f8=Q 1-0

[Event "World Rapid 2018"]
[Site "St Petersburg RUS"]
[Date "2018.12.27"]
[Round "7.13"]
[White "Karjakin, Sergey"]
[Black "Sargissian, Gabriel"]
[Result "1/2-1/2"]
[WhiteTitle "GM"]
[BlackTitle "GM"]
[WhiteElo "2753"]
[BlackElo "2689"]
[WhiteFideId "14109603"]
[BlackFideId "13300881"]
[EventDate "2018.12.26"]

1. e4 e5 2. Nf3 Nc6 3. Bc4 Bc5 4. c3 Nf6 5. d3 d6 6. O-O a6 7. a4 Ba7 8. Re1 O-O
9. h3 Kh8 10. b4 Ng8 11. Bg5 Qe8 12. Nbd2 f5 13. exf5 Bxf5 14. Be3 Bxe3 1/2-1/2

[Event "World Rapid 2018"]
[Site "St Petersburg RUS"]
[Date "2018.12.27"]
[Round "7.15"]
[White "Tomashevsky, Evgeny"]
[Black "Saric, Ivan"]
[Result "0-1"]
[WhiteTitle "GM"]
[BlackTitle "GM"]
[WhiteElo "2705"]
[BlackElo "2695"]
[WhiteFideId "4147235"]
[BlackFideId "14508150"]
[EventDate "2018.12.26"]

1. c4 e5 2. Nc3 Bb4 3. Nd5 Bc5 4. e3 Nf6 5. b4 Be7 6. Bb2 Nxd5 7. cxd5 d6 8. Ne2
O-O 9. g3 a5 10. b5 a4 11. Bg2 Qe8 12. Nc3 f5 13. O-O a3 14. Bc1 Nd7 15. Rb1 f4
16. Rb3 Qf7 17. exf4 exf4 18. Ne4 Nb6 19. Bxa3 Nxd5 20. Re1 Nb6 21. Qc2 Rxa3 22.
Rxa3 d5 23. Rf3 dxe4 24. Rxf4 Bf6 25. Bxe4 g5 26. Rf3 Kh8 27. Qc5 Bg4 28. Rd3
Nd7 29. Qxc7 Be5 30. Qc1 Qxf2+ 31. Kh1 Nc5 32. Bg2 Nxd3 0-1

[Event "World Rapid 2018"]
[Site "St Petersburg RUS"]
[Date "2018.12.27"]
[Round "7.17"]
[White "Guseinov, Gadir"]
[Black "Esipenko, Andrey"]
[Result "1/2-1/2"]
[WhiteTitle "GM"]
[BlackTitle "GM"]
[WhiteElo "2664"]
[BlackElo "2593"]
[WhiteFideId "13401378"]
[BlackFideId "24175439"]
[EventDate "2018.12.26"]

1. e4 c6 2. d4 d5 3. Nd2 dxe4 4. Nxe4 Bf5 5. Ng3 Bg6 6. h4 h6 7. Nf3 e6 8. Ne5
Bh7 9. Bd3 Bxd3 10. Qxd3 Nd7 11. Bf4 Ngf6 12. O-O-O Be7 13. Kb1 Nxe5 14. Bxe5
O-O 15. Ne4 Nxe4 16. Qxe4 f5 17. Qe2 Bf6 18. h5 Qd5 19. f4 Rad8 20. c4 Qd7 21.
Bxf6 Rxf6 22. g3 Rff8 23. Rd3 Qf7 24. Re1 Rfe8 25. a3 b5 26. cxb5 cxb5 27. Rc1
a5 28. Rc5 b4 29. Rxa5 bxa3 30. Raxa3 Rd5 31. Ra6 Kh7 32. Rc6 Qd7 33. Rc4 Ra8
34. Qe3 Rda5 35. Rdc3 Qe8 36. Qf3 Ra1+ 37. Kc2 Re1 38. Re3 Raa1 39. Rxe1 Rxe1
40. g4 Qb5 41. Qd3 Qd5 42. gxf5 Qg2+ 43. Kb3 Qb7+ 44. Kc2 Qg2+ 45. Kb3 Qb7+ 46.
Kc2 Qg2+ 47. Kb3 Qb7+ 1/2-1/2

[Event "World Rapid 2018"]
[Site "St Petersburg RUS"]
[Date "2018.12.27"]
[Round "7.20"]
[White "Piorun, Kacper"]
[Black "Jobava, Baadur"]
[Result "1-0"]
[WhiteTitle "GM"]
[BlackTitle "GM"]
[WhiteElo "2634"]
[BlackElo "2627"]
[WhiteFideId "1130420"]
[BlackFideId "13601520"]
[EventDate "2018.12.26"]

1. c4 Nf6 2. g3 c6 3. Nf3 d5 4. Bg2 dxc4 5. O-O Nbd7 6. Na3 e5 7. Nxc4 e4 8. Ng5
Nc5 9. d4 Ne6 10. Nxe4 Nxe4 11. Bxe4 Nxd4 12. Be3 Be6 13. Rc1 Nb5 14. Qa4 Nc7
15. Na5 Qd7 16. Nxb7 Nd5 17. Nc5 Bxc5 18. Bxc5 f5 19. Bg2 Kf7 20. e4 fxe4 21.
Qxe4 Bf5 22. Qd4 Rhd8 23. Rfe1 Kg8 24. Re5 Qf7 25. Rce1 a5 26. Qh4 h6 27. g4 Bg6
28. g5 h5 29. Bh3 Nf4 30. Re7 Qc4 31. Be6+ Qxe6 32. R7xe6 Nxe6 33. Rxe6 Rd1+ 34.
Kg2 Bf7 35. Qe4 1-0

[Event "World Rapid 2018"]
[Site "St Petersburg RUS"]
[Date "2018.12.27"]
[Round "7.21"]
[White "Akopian, Vladimir"]
[Black "Sakaev, Konstantin"]
[Result "1/2-1/2"]
[WhiteTitle "GM"]
[BlackTitle "GM"]
[WhiteElo "2650"]
[BlackElo "2584"]
[WhiteFideId "13300032"]
[BlackFideId "4104226"]
[EventDate "2018.12.26"]

1. e4 c5 2. Nf3 d6 3. c3 Nf6 4. Be2 Bd7 5. d3 g6 6. O-O Bg7 7. Bg5 O-O 8. Nbd2
Nc6 9. Re1 h6 10. Bh4 Nh5 11. Nc4 g5 12. Bg3 Nxg3 13. hxg3 b5 14. Ne3 b4 15. Qc2
bxc3 16. bxc3 Qa5 17. Rec1 Rab8 18. Nd2 e6 19. Ndc4 Qc7 20. f4 gxf4 21. gxf4 Ne7
22. Bf3 d5 23. exd5 Qxf4 24. Rf1 Qg5 25. d6 Nd5 26. Nd1 Bb5 27. a4 Bxc4 28. dxc4
Ne3 29. Nxe3 Qxe3+ 30. Kh1 Qxc3 31. Qxc3 Bxc3 32. Rab1 Rxb1 33. Rxb1 Rd8 34. Rd1
Be5 35. d7 Kf8 36. Bh5 Ke7 37. Rf1 Bf6 38. Rd1 a5 39. g3 Be5 40. Kg2 Bd4 41. Rf1
Bf6 42. Rd1 Bd4 43. Rf1 Bf6 1/2-1/2

[Event "World Rapid 2018"]
[Site "St Petersburg RUS"]
[Date "2018.12.27"]
[Round "7.22"]
[White "Cheparinov, Ivan"]
[Black "Frolyanov, Dmitry"]
[Result "1/2-1/2"]
[WhiteTitle "GM"]
[BlackTitle "GM"]
[WhiteElo "2709"]
[BlackElo "2517"]
[WhiteFideId "2905540"]
[BlackFideId "4151976"]
[EventDate "2018.12.26"]

1. Nf3 d5 2. d4 Nf6 3. c4 e6 4. g3 dxc4 5. Bg2 Nc6 6. Nc3 Rb8 7. Qa4 Bb4 8. O-O
O-O 9. Qb5 Bxc3 10. bxc3 Qd5 11. Qb2 Qd7 12. Qb5 Qd5 13. Qb1 Qd7 14. e4 h6 15.
Bf4 b6 16. Rd1 Bb7 17. Ne5 Qe7 18. Nxc4 Rbd8 19. a4 Nh5 20. Bc1 Qd7 21. Ba3 Rfe8
22. Qc2 Nf6 23. Rab1 Qc8 24. h3 Nb8 25. Ne3 Bc6 26. d5 exd5 27. exd5 Bd7 28. Kh2
c6 29. d6 c5 30. a5 Qa6 31. axb6 Ba4 32. Qd3 Bxd1 33. Qxa6 Nxa6 34. bxa7 Be2 35.
Nf5 Bd3 36. Ne7+ Kh7 37. Rd1 Bb5 38. Rb1 Bd3 39. Rd1 Bb5 40. Rb1 Bd3 41. Rd1 1/2-1/2

[Event "World Rapid 2018"]
[Site "St Petersburg RUS"]
[Date "2018.12.27"]
[Round "7.23"]
[White "Jumabayev, Rinat"]
[Black "Motylev, Alexander"]
[Result "0-1"]
[WhiteTitle "GM"]
[BlackTitle "GM"]
[WhiteElo "2602"]
[BlackElo "2644"]
[WhiteFideId "13702661"]
[BlackFideId "4121830"]
[EventDate "2018.12.26"]

1. c4 Nf6 2. Nc3 e5 3. g3 d5 4. cxd5 Nxd5 5. Bg2 Nb6 6. Nf3 Nc6 7. O-O Be7 8. a3
O-O 9. b4 Re8 10. d3 Bf8 11. Bb2 a5 12. b5 Nd4 13. e3 Nxf3+ 14. Bxf3 a4 15. Qe2
Ra7 16. Rac1 Be6 17. Rfd1 Bb3 18. Rd2 Qd7 19. h4 Bd6 20. Bg2 Qe7 21. Ra1 f5 22.
Qe1 Rf8 23. Ne2 Qd7 24. Nc3 c6 25. bxc6 bxc6 26. Rc1 Rc7 27. Ne2 Qe7 28. Ra1 Qf7
29. f4 Re8 30. fxe5 Bxe5 31. Bxe5 Rxe5 32. Qf2 Nd5 33. e4 fxe4 34. Qxf7+ Rxf7
35. Bxe4 c5 36. Rc1 Nf6 37. Bg2 Rd7 38. d4 Ng4 39. Bh3 h5 40. Bxg4 hxg4 41. Kf2
cxd4 42. Nxd4 Rf7+ 43. Kg1 Re3 44. Ne2 Be6 45. Rc6 Kh7 46. Rdc2 Bf5 47. R6c3
Rfe7 48. Rxe3 Rxe3 49. Ra2 Be6 50. Rd2 Bc4 51. Kf2 Rf3+ 52. Kg2 Rxa3 53. Nd4 Rd3
54. Rxd3 Bxd3 55. Kf2 a3 56. Ke3 a2 57. Nb3 Bc4 58. Na1 Kg6 59. Kf4 Kf6 60. Ke4
Be2 61. Kd5 Bd1 62. Kd4 Kf5 63. Kd5 Ba4 64. Kd4 Ke6 65. Ke4 Kd6 66. Kd4 Bd1 67.
Kc4 Ke5 68. Kd3 Kd5 69. Kd2 Ba4 70. Kd3 g6 71. Ke3 Kc4 0-1

[Event "World Rapid 2018"]
[Site "St Petersburg RUS"]
[Date "2018.12.27"]
[Round "7.24"]
[White "Roiz, Michael"]
[Black "Matlakov, Maxim"]
[Result "0-1"]
[WhiteTitle "GM"]
[BlackTitle "GM"]
[WhiteElo "2605"]
[BlackElo "2700"]
[WhiteFideId "2804158"]
[BlackFideId "4168003"]
[EventDate "2018.12.26"]

1. Nf3 d5 2. d4 Nf6 3. c4 e6 4. g3 Bb4+ 5. Bd2 Be7 6. Bg2 O-O 7. O-O Nbd7 8. Qc2
c6 9. Bf4 Ne4 10. Nc3 g5 11. Bc1 f5 12. a4 a5 13. b3 Rf7 14. Ba3 Bf6 15. Rad1
Qe8 16. Ne1 h5 17. Nxe4 dxe4 18. f3 exf3 19. Nxf3 g4 20. Nh4 Nf8 21. Bd6 Bxh4
22. gxh4 Ng6 23. e4 Nxh4 24. exf5 exf5 25. Rde1 Qd8 26. c5 Bd7 27. Bh1 Qg5 28.
Bf4 Qg7 29. Be5 Qh6 30. Bf4 Qh7 31. d5 Ng6 32. Bd6 Qg7 33. Qc4 Kh7 34. Re2 Rg8
35. Ref2 Nh4 36. Bg3 Ng6 37. dxc6 bxc6 38. Be4 Qf6 39. Qd3 Rgf8 40. Qd6 Kg7 41.
Bd3 f4 42. Bxg6 Qxd6 43. cxd6 Kxg6 44. Rxf4 Rxf4 45. Rxf4 Rb8 46. Be1 Rxb3 47.
Bxa5 h4 48. Be1 Rb1 49. Kf2 g3+ 50. hxg3 hxg3+ 0-1

[Event "World Rapid 2018"]
[Site "St Petersburg RUS"]
[Date "2018.12.27"]
[Round "7.25"]
[White "Bocharov, Dmitry"]
[Black "Bosiocic, Marin"]
[Result "1-0"]
[WhiteTitle "GM"]
[BlackTitle "GM"]
[WhiteElo "2533"]
[BlackElo "2599"]
[WhiteFideId "4138716"]
[BlackFideId "14507927"]
[EventDate "2018.12.26"]

1. Nf3 d5 2. e3 Nf6 3. c4 e6 4. b3 Be7 5. Bb2 O-O 6. Nc3 c5 7. cxd5 exd5 8. d4
b6 9. Be2 Bb7 10. O-O Nbd7 11. Rc1 Rc8 12. Rc2 Re8 13. Qa1 Bf8 14. Rd1 Qe7 15.
Bf1 Qe6 16. Ne2 Bd6 17. Qc1 Ne4 18. Nf4 Bxf4 19. exf4 f6 20. g3 Kh8 21. Nh4 a6
22. Ng2 Nd6 23. Ne3 c4 24. f5 Qf7 25. Ba3 Nb5 26. bxc4 dxc4 27. Rxc4 Qh5 28. Bb2
Nd6 29. Rxc8 Rxc8 30. Qd2 Nxf5 31. g4 Nh4 32. Bg2 Qf7 33. Bxb7 Rd8 34. Bd5 Qg6
35. Qd3 f5 36. h3 Nf6 37. Bh1 Qg5 38. Nxf5 Nxg4 39. hxg4 Qxg4+ 40. Ng3 1-0

[Event "World Rapid 2018"]
[Site "St Petersburg RUS"]
[Date "2018.12.27"]
[Round "7.27"]
[White "Christiansen, Johan-Sebastian"]
[Black "Salem, A.R. Saleh"]
[Result "0-1"]
[WhiteTitle "GM"]
[BlackTitle "GM"]
[WhiteElo "2555"]
[BlackElo "2660"]
[WhiteFideId "1512668"]
[BlackFideId "9301348"]
[EventDate "2018.12.26"]

1. e4 c5 2. Nf3 d6 3. Nc3 a6 4. g3 Nf6 5. e5 dxe5 6. Nxe5 Nbd7 7. d4 e6 8. Be3
Be7 9. Bg2 Nxe5 10. dxe5 Qxd1+ 11. Rxd1 Ng4 12. Bf4 g5 13. Bf3 Bd7 14. Bc1 Nxe5
15. Bxb7 Rb8 16. Bg2 Bc6 17. Bxc6+ Nxc6 18. Ne4 Rg8 19. c3 c4 20. Nd6+ Bxd6 21.
Rxd6 Ne5 22. Rxa6 Nd3+ 23. Ke2 Ke7 24. b3 Nxc1+ 25. Rxc1 cxb3 26. axb3 Rxb3 27.
Rc2 Rc8 28. c4 Rc5 29. Ra8 g4 30. Rg8 h5 31. Kf1 Re5 32. c5 Rb1+ 33. Kg2 Ree1
34. f4 Rh1 35. Kf2 Rxh2+ 0-1

[Event "World Rapid 2018"]
[Site "St Petersburg RUS"]
[Date "2018.12.27"]
[Round "7.28"]
[White "Bazeev, German"]
[Black "Dreev, Aleksey"]
[Result "1-0"]
[BlackTitle "GM"]
[WhiteElo "2416"]
[BlackElo "2670"]
[WhiteFideId "24119350"]
[BlackFideId "4100107"]
[EventDate "2018.12.26"]

1. d4 d5 2. Nf3 Nf6 3. c4 c6 4. Qc2 dxc4 5. e4 b5 6. b3 cxb3 7. axb3 g6 8. Bd2
a5 9. Bd3 Bg7 10. O-O O-O 11. h3 Bb7 12. Rd1 Qb6 13. Qc1 Rc8 14. Be3 Na6 15.
Nbd2 Nb4 16. Bb1 Nd7 17. Ne5 Nxe5 18. dxe5 c5 19. f4 Qe6 20. Nf3 c4 21. f5 Qa6
22. Qc3 Qc6 23. Bf4 cxb3 24. Qxb3 Qc4 25. Qe3 a4 26. Rd7 Bc6 27. Rxe7 Bf8 28.
Bg5 Be8 29. Kh2 Qc5 30. Rxe8 Rxe8 31. Qf4 Qc7 32. Qg3 a3 33. Bf4 Qc3 34. e6 Qxa1
35. exf7+ Kxf7 36. Ng5+ Ke7 37. Qb3 Kd7 38. Bd3 Kc6 39. e5 Qb2 40. Be4+ Kb6 41.
Qf7 a2 42. Ne6 Be7 43. Bxa8 a1=Q 44. Qxe8 Qa7 45. Be3+ Ka5 46. Bxa7 Qxe5+ 47.
Kh1 Bd6 48. Bg1 gxf5 49. Qd7 Nd3 50. Qa7+ Kb4 51. Qd4+ Qxd4 52. Nxd4 Kc4 53.
Nxf5 Be5 54. Be4 Nc1 55. Ne3+ Kd4 56. Bxh7 Ne2 57. Ng4+ Nxg1 58. Kxg1 Bg7 59.
Kf2 1-0

[Event "World Rapid 2018"]
[Site "St Petersburg RUS"]
[Date "2018.12.27"]
[Round "7.30"]
[White "Demidov, Mikhail"]
[Black "Fedoseev, Vladimir3"]
[Result "1/2-1/2"]
[WhiteTitle "IM"]
[BlackTitle "GM"]
[WhiteElo "2520"]
[BlackElo "2719"]
[WhiteFideId "4197143"]
[BlackFideId "24130737"]
[EventDate "2018.12.26"]

1. Nf3 c5 2. g3 Nc6 3. Bg2 e5 4. O-O d5 5. d3 Nf6 6. Bg5 Be7 7. c4 Be6 8. Bxf6
gxf6 9. cxd5 Bxd5 10. Nc3 Be6 11. Qa4 Qd7 12. Rfc1 Rc8 13. Qh4 h5 14. Ne4 Qd8
15. Nxc5 Bg4 16. Nxb7 Qd7 17. h3 f5 18. Ng5 f6 19. hxg4 fxg5 20. Bxc6 Rxc6 21.
Qh1 e4 22. Na5 Ra6 23. Nb3 O-O 24. Nc5 Bxc5 25. Rxc5 exd3 26. exd3 hxg4 27. Rac1
Qxd3 28. Qh5 Qd6 29. Qxg5+ Qg6 30. Qe7 Qf6 31. Qxf6 Rfxf6 32. a3 Kg7 33. R1c4
Kg6 34. Kg2 Rae6 35. Rb5 Re1 36. Rcc5 Re2 37. Kf1 Rd2 38. Rd5 Rc2 39. Rdc5 Rd2
40. Re5 a6 41. Rb4 Rc6 42. Rf4 Rc1+ 43. Re1 Rxe1+ 44. Kxe1 Rxb2 45. Ra4 Rb6 46.
Ra5 Kg5 47. Ke2 Re6+ 48. Kd2 Rd6+ 49. Ke2 Re6+ 50. Kd2 Rd6+ 51. Ke2 Re6+ 52. Kd2
Rd6+ 53. Ke2 1/2-1/2

[Event "World Rapid 2018"]
[Site "St Petersburg RUS"]
[Date "2018.12.27"]
[Round "7.32"]
[White "Predke, Alexandr"]
[Black "Le, Quang Liem"]
[Result "1-0"]
[WhiteTitle "GM"]
[BlackTitle "GM"]
[WhiteElo "2622"]
[BlackElo "2714"]
[WhiteFideId "24107581"]
[BlackFideId "12401137"]
[EventDate "2018.12.26"]

1. e4 c5 2. Nc3 Nc6 3. Nge2 d6 4. g3 g6 5. Bg2 Bg7 6. O-O e6 7. d3 Nge7 8. Be3
Nd4 9. Qd2 O-O 10. Nd1 Nxe2+ 11. Qxe2 b6 12. Qd2 Bb7 13. Bh6 e5 14. Bxg7 Kxg7
15. Ne3 Qd7 16. f4 f6 17. Rf2 exf4 18. Rxf4 d5 19. Raf1 d4 20. Ng4 Ng8 21. h4 h5
22. Nh2 Rae8 23. g4 hxg4 24. Nxg4 Re6 25. Qf2 Qe7 26. Qg3 Bc8 27. e5 f5 28. Bd5
Bb7 29. Bb3 Qd7 30. Rxf5 Rxf5 31. Rxf5 Bd5 32. Nf6 Rxf6 33. exf6+ Nxf6 34. Rxf6
Kxf6 35. Qg5+ Ke6 36. Qg4+ 1-0

[Event "World Rapid 2018"]
[Site "St Petersburg RUS"]
[Date "2018.12.27"]
[Round "7.33"]
[White "Morozevich, Alexander"]
[Black "Khanin, Semen"]
[Result "0-1"]
[WhiteTitle "GM"]
[BlackTitle "IM"]
[WhiteElo "2656"]
[BlackElo "2514"]
[WhiteFideId "4116992"]
[BlackFideId "4111990"]
[EventDate "2018.12.26"]

1. e4 e5 2. Nf3 Nc6 3. Bb5 a6 4. Ba4 b5 5. Bb3 g6 6. d4 exd4 7. Nxd4 Na5 8. Qf3
Nxb3 9. Nxb3 Bg7 10. Nc3 Ne7 11. Bg5 h6 12. Bf6 Bxf6 13. Qxf6 O-O 14. h4 b4 15.
Ne2 Nc6 16. Qf4 Kg7 17. O-O-O d6 18. Nbd4 Ne5 19. Qg3 h5 20. Nf4 Kh7 21. Nf3
Nxf3 22. gxf3 Bb7 23. Nh3 Qf6 24. f4 Rfe8 25. Ng5+ Kg7 26. Rhe1 a5 27. f5 Re7
28. f4 Rae8 29. fxg6 fxg6 30. e5 Qf5 31. b3 a4 32. bxa4 Bc6 33. a5 Ba4 34. Re2
dxe5 35. fxe5 Rxe5 36. Rf2 Qg4 37. Rf7+ Kg8 38. Qf2 Qc4 39. Rf1 Re1+ 40. Rxe1
Rxe1+ 41. Kd2 Qc3# 0-1

[Event "World Rapid 2018"]
[Site "St Petersburg RUS"]
[Date "2018.12.27"]
[Round "7.34"]
[White "Amonatov, Farrukh"]
[Black "Levin, Evgeny A."]
[Result "1/2-1/2"]
[WhiteTitle "GM"]
[BlackTitle "GM"]
[WhiteElo "2614"]
[BlackElo "2516"]
[WhiteFideId "14700077"]
[BlackFideId "4182596"]
[EventDate "2018.12.26"]

1. e4 e6 2. d4 d5 3. Nc3 Nf6 4. Bg5 Be7 5. e5 Nfd7 6. h4 h6 7. Bxe7 Qxe7 8. Qg4
O-O 9. f4 a6 10. Nf3 c5 11. O-O-O Nc6 12. Rh3 cxd4 13. Nxd4 Nxd4 14. Rxd4 f6 15.
exf6 Qxf6 16. Qd1 Nb8 17. g3 Nc6 18. Rd2 Bd7 19. Rh1 Be8 20. Bh3 Bg6 21. Re1
Rae8 22. h5 Bh7 23. Kb1 b5 24. Ne2 Be4 25. Nc3 Bh7 26. Ne2 Be4 27. Nc3 Bh7 28.
Bg2 Kh8 29. Ka1 Na5 30. Rde2 Nc4 31. Qc1 Qf7 32. Nb1 Qxh5 33. Rxe6 Be4 34. Rxe8
Rxe8 35. Bf1 Qh2 36. b3 Nd6 37. g4 Rc8 38. Qd2 Rxc2 39. Qxh2 Rxh2 40. Nc3 Rc2
41. Nxe4 Nxe4 42. Bd3 Rg2 43. g5 hxg5 44. fxg5 Rxg5 45. Bxe4 dxe4 46. Rxe4 Rg6
47. Kb2 Rc6 48. a4 bxa4 49. bxa4 g5 50. Rg4 Rc5 51. Rb4 Rc6 52. Kb3 Kg7 53. a5
Rg6 54. Kc3 g4 55. Kd3 Kh6 56. Ke2 Re6+ 57. Kf2 Kg5 58. Rb6 Kf5 59. Kg3 Re3+ 60.
Kf2 Re6 61. Kg3 1/2-1/2